00241nam a2200097Ia 4500008004100000082001500041100001700056245003700073260001800110600001500128241002s9999 xx 000 0 und d a153.42 JOA aJoad, M. C.E 0aGuide to Modern To Modern Tought aLondon:c1948 aPhilosophy